Central Library OPAC University of Rajshahi

Environmental variables in oral disease : (Record no. 13131)

MARC details
000 -LEADER
fixed length control field 01421cam a22003251 4500
001 - CONTROL NUMBER
control field 13131
003 - CONTROL NUMBER IDENTIFIER
rucl marc code BD-RjUL
005 - DATE AND TIME OF LATEST TRANSACTION
control field 20211208235418.0
008 - FIXED-LENGTH DATA ELEMENTS--GENERAL INFORMATION
fixed length control field 140130s1966 dcua b 101 0 eng
035 ## - SYSTEM CONTROL NUMBER
System control number (BD-RjUL)13182
System control number (OCoLC)569157
040 ## - CATALOGING SOURCE
Original cataloging agency DLC
Transcribing agency ONcM
Modifying agency OTMC
-- OCoLC
-- DLC
Language of cataloging eng
041 ## - LANGUAGE CODE
Language code of text/sound track or separate title eng
082 ## - DEWEY DECIMAL CLASSIFICATION NUMBER
Classification number 616.31
Author mark and year ENV 1966
100 1# - MAIN ENTRY--PERSONAL NAME
Personal name Kreshover, Seymour J.,
9 (RLIN) 40907
245 10 - TITLE STATEMENT
Title Environmental variables in oral disease :
Remainder of title a symposium /
Statement of responsibility, etc. edited by Seymour J. Kreshover [and] F.J. McClure.
260 ## - PUBLICATION, DISTRIBUTION, ETC. (IMPRINT)
Place of publication, distribution, etc. Washington :
Name of publisher, distributor, etc. American Association for the Advancement of Science,
Date of publication, distribution, etc. 1966.
300 ## - PHYSICAL DESCRIPTION
Pagination xii, 312 p. :
Illustrations illus. ;
Size 24 cm.
490 1# - SERIES STATEMENT
Series statement American Association for the Advancement of Science. Publication
Volume/sequential designation no. 81
500 ## - GENERAL NOTE
General note Papers presented at a symposium organized by the Section on Dentistry of the American Association for the Advancement of Science, and others, and held during the association's 31st annual meeting, in Montreal, Dec. 26-31, 1964.
504 ## - BIBLIOGRAPHY, ETC. NOTE
Bibliography, etc Includes bibliography.
650 #0 - SUBJECT ADDED ENTRY--TOPICAL TERM
Topical term or geographic name as entry element Mouth
General subdivision Diseases.
9 (RLIN) 39935
700 1# - ADDED ENTRY--PERSONAL NAME
Personal name McClure, Frank James,
Dates associated with a name 1896-
Relator term joint ed.
710 2# - ADDED ENTRY--CORPORATE NAME
Corporate name or jurisdiction name as entry element American Association for the Advancement of Science.
Subordinate unit Section on Dentistry.
9 (RLIN) 40910
830 #0 - SERIES ADDED ENTRY--UNIFORM TITLE
Volume number/sequential designation no. 81.
830 #0 - SERIES ADDED ENTRY--UNIFORM TITLE
Uniform title Publication (American Association for the Advancement of Science) ;
942 ## - ADDED ENTRY ELEMENTS (KOHA)
Source of classification or shelving scheme Dewey Decimal Classification
Koha item type Books
Holdings
Lost status Source of classification or shelving scheme Damaged status Not for loan Collection code Permanent Location Current Location Shelving location Date acquired Source of acquisition Cost, normal purchase price Total Checkouts Full call number Date last seen Copy number Koha item type
  Dewey Decimal Classification   Not For Loan Non-fiction Central Library, University of Rajshahi Central Library, University of Rajshahi Reading Room 14/06/1967 Asia Foundation 0.00   616.31 ENV 1966 30/01/2014 C-1 Books